El libro de la vida bohemia / (Record no. 77541)

MARC details
000 -LEADER
campo de control de longitud fija 00788nam a2200217 i 4500
001 - NÚMERO DE CONTROL
campo de control 77541
003 - IDENTIFICADOR DE NÚMERO DE CONTROL
campo de control ES-MaACL
005 - FECHA Y HORA DE LA ÚLTIMA TRANSACCIÓN
campo de control 20250808011138.0
007 - CAMPO FIJO DE DESCRIPCIÓN FÍSICA--INFORMACIÓN GENERAL
campo de control de longitud fija t|
008 - DATOS DE LONGITUD FIJA--INFORMACIÓN GENERAL
campo de control de longitud fija 041020q1909 sp |||| | spa d
100 1# - ENTRADA PRINCIPAL--NOMBRE DE PERSONA
Nombre de persona Antón del Olmet, Luis,
Fechas asociadas al nombre 1886-1923
9 (RLIN) 21947
245 13 - MENCIÓN DEL TÍTULO
Título El libro de la vida bohemia /
Mención de responsabilidad, etc. Luis Antón del Olmet.
260 ## - PUBLICACIÓN, DISTRIBUCIÓN, ETC.
Lugar de publicación, distribución, etc. Madrid :
Nombre del editor, distribuidor, etc. [s.n.,
Fecha de publicación, distribución, etc. 1909] (
Fabricante Estab. Tip. de Jaime Ratés)
300 ## - DESCRIPCIÓN FÍSICA
Extensión 196 p. ;
Dimensiones 19 cm.
530 ## - NOTA DISPONIBLE DE FORMULARIO FÍSICO ADICIONAL
Nota de formato físico adicional disponible Disponible en formato digital.
650 #7 - PUNTO DE ACCESO ADICIONAL DE MATERIA--TÉRMINO DE MATERIA
Término de materia o nombre geográfico como elemento de entrada Vida bohemia
Fuente del encabezamiento o término embne
9 (RLIN) 17789
852 ## - LOCALIZACIÓN
Ubicación ES-MaACL
Número de control de estantería F-10310
Nota libre Revisado enlace: 27 de julio de 2025
Ubicación en estantería Sala Pecera Planta 2
Encuadernación Enciclopedia holandesa
856 4# - LOCALIZACIÓN Y ACCESO ELECTRÓNICOS
Identificador Uniforme de Recursos <a href="http://bdh-rd.bne.es/viewer.vm?id=0000149100&page=1 ">http://bdh-rd.bne.es/viewer.vm?id=0000149100&page=1 </a>
Nota pública (Biblioteca Digital Hispánica)
942 ## - ELEMENTOS DE ENTRADA SECUNDARIOS (KOHA)
Fuente del sistema de clasificación o colocación Clasificación decimal universal
Holdings
Estatus retirado Estado de pérdida Estado de daño No para préstamo Colección Biblioteca de origen Biblioteca actual Ubicación en estantería Fecha de adquisición Fuente de adquisición Total de préstamos Signatura topográfica completa Código de barras Visto por última vez Precio de reemplazo Tipo de ítem Koha
        Colección digital Biblioteca del Ateneo de Madrid Biblioteca del Ateneo de Madrid Sala Pecera Planta 2 17/01/2008     F-10310 1081126 23/02/2023 23/02/2023 Libro impreso